Quality Improvement Through Standards. (Record no. 3177)

MARC details
000 -LEADER
fixed length control field 00363nam a22001217a 4500
005 - DATE AND TIME OF LATEST TRANSACTION
control field 20201117152755.0
008 - FIXED-LENGTH DATA ELEMENTS--GENERAL INFORMATION
fixed length control field 201117b ||||| |||| 00| 0 eng d
020 ## - INTERNATIONAL STANDARD BOOK NUMBER
International Standard Book Number 0748716998
040 ## - CATALOGING SOURCE
Transcribing agency CML
245 ## - TITLE STATEMENT
Title Quality Improvement Through Standards.
Statement of responsibility, etc. Dale B.G.
260 ## - PUBLICATION, DISTRIBUTION, ETC.
Place of publication, distribution, etc. England
Name of publisher, distributor, etc. Stanley Thornes
Date of publication, distribution, etc. 1991
942 ## - ADDED ENTRY ELEMENTS (KOHA)
Source of classification or shelving scheme Dewey Decimal Classification
Koha item type Books
Edition 2nd Edition
Classification part 389
Call number suffix DAL
Holdings
Withdrawn status Lost status Source of classification or shelving scheme Damaged status Not for loan Collection code Home library Current library Shelving location Date acquired Total Checkouts Full call number Barcode Date last seen Copy number Price effective from Koha item type
    Dewey Decimal Classification     Social Sciences Chalimbana Main Library Chalimbana Main Library Social Sciences 11/17/2020   389.63 DAL 9780748716999 11/17/2020 1 11/17/2020 Books

Powered by Koha